Analiza statystyczna wybranych cech geometrycznych modeli powierzchni ziaren ściernych / (Rekord nr 8095)
| 000 -ETYKIETA REKORDU | |
|---|---|
| podpole kontrolne o stałej długości | 01497naa a22002177a 4500 |
| 003 - IDENTYFIKATOR NUMERU KONTROLNEGO REKORDU | |
| podpole kontrolne | KOSZ 005 |
| 005 - DATA OSTATNIEJ MODYFIKACJI REKORDU | |
| podpole kontrolne | 20180403105431.0 |
| 008 - POLE O STAŁEJ DŁUGOŚCI - DANE KONTROLNE | |
| podpole kontrolne o stałej długości | 170322b2007 pl ||||| |||| 00| 0 pol |
| 040 ## - ŹRÓDŁO KATALOGOWANIA | |
| Instytucja, która utworzyła rekord | BPK |
| 100 ## - NAZWA OSOBOWA | |
| Nazwa osobowa | KACALAK, Wojciech. |
| Lata pracy | 1996 - . |
| Instytucja | Politechnika Koszalińska - Wydział Mechaniczny, |
| Wydział | Katedra Mechaniki Precyzyjnej |
| 245 ## - TYTUŁ/ODPOWIEDZIALNOŚĆ | |
| Tytuł | Analiza statystyczna wybranych cech geometrycznych modeli powierzchni ziaren ściernych / |
| Pozostałe elementy strefy tytułu i oznaczenia odpowiedzialności | Wojciech Kacalak, Robert Tomkowski, Anna Tomkowska. |
| 260 ## - STREFA ADRESU WYDAWNICZEGO | |
| Data publikacji, dystrybucji/powstania dokumentu | 2007. |
| 500 ## - UWAGI OGÓLNE | |
| Tekst uwagi | Dane z autopsji. |
| 520 ## - UWAGA DOTYCZĄCA TREŚCI DOKUMENTU | |
| Analiza dokumentacyjna, adnotacja itp. | W pracy przedstawiono nowe podejście do modelowania powierzchni ziaren ściernych oraz dokonano analizy wpływu parametrów wejściowych modelowania na kształt oraz inne cechy geometryczne ziarna, takie jak kąty wierzchołkowe i promienie zaokrągleń wierzchołków. Uzyskane wyniki pozwalają na dobór parametrów generowania populacji ziaren ściernych o oczekiwanych wartościach cech geometrycznych i określonej izometrii ziarna. |
| 650 #0 - HASŁO PRZEDMIOTOWE W FORMIE NAZWY OGÓLNEJ LUB JEDNOSTKOWEJ | |
| Nazwa ogólna lub geograficzna | Symulacja. |
| 650 #0 - HASŁO PRZEDMIOTOWE W FORMIE NAZWY OGÓLNEJ LUB JEDNOSTKOWEJ | |
| Nazwa ogólna lub geograficzna | Parametry geometryczne. |
| 700 ## - HASŁO DODATKOWE - NAZWA OSOBOWA | |
| Nazwa osobowa | TOMKOWSKI, Robert. |
| Lata pracy | 2008 - . |
| Instytucja | Politechnika Koszalińska - Wydział Mechaniczny, |
| Wydział | Katedra Mechaniki Precyzyjnej |
| 773 ## - TYTUŁ DOKUMENTU MACIERZYSTEGO | |
| Wyrażenie wprowadzające | W : |
| Tytuł | Podstawy i technika obróbki ściernej. - |
| Adres wydawniczy | Rzeszów : Oficyna Wydawnicza Politechniki Rzeszowskiej, 2007. - |
| Informacje dotyczące relacji | s. 219-226 |
| ISBN | 978-83-7199-448-7 |
| 700 ## - HASŁO DODATKOWE - NAZWA OSOBOWA | |
| Nazwa osobowa | TOMKOWSKA, Anna. |
| Instytucja | Politechnika Koszalińska - Wydział Mechaniczny, |
| Wydział | Katedra Mechaniki Precyzyjnej |
| 942 ## - HASŁO DODATKOWE - ELEMENTY(KOHA) | |
| Typ dokumentu | Rozdział |
| Schemat klasyfikacji | Uniwersalna klasyfikacja dziesiętna |
| Wycofany | Zagubiony | Uszkodzony | Dostępność | Lokalizacja stała | Lokalizacja bieżąca | Typ dokumentu |
|---|---|---|---|---|---|---|
| Dostępny | Bibliografia Prac Pracowników - BPK | Bibliografia Prac Pracowników - BPK | Rozdział |
